000 00584nam a2200181 i 4500
001 141546
003 ES-MaACL
005 20230906200321.0
007 t|
008 070925s1931 sp ||||1| spa d
100 1 _aVolkmann, E. O.
_9115698
245 1 0 _aRevolución sobre Alemania /
_cE. O. Volkmann ; traducción del alemán por Luis Fernández Rica.
260 _aMadrid :
_bUlises,
_c1931 (
_fPrensa Moderna)
300 _a320 p. ;
_c17 cm.
650 4 _aGuerra mundial, 1914-1918-
_vNovelas.
_9138884
700 1 _aFernández Rica, Luis.
_950030
852 _aES-MaACL
_jF-13672
999 _c141546
_d141546